| 000 | 00985njm a2200289Ia 4500 | ||
|---|---|---|---|
| 001 | 20559 | ||
| 003 | IT-RoPAU | ||
| 005 | 20220918181129.0 | ||
| 008 | 131025s9999 xx 000 0 und d | ||
| 040 | _aIT-RoPAU | ||
| 040 | _cIT-RoPAU | ||
| 999 |
_c100441 _d100441 |
||
| 999 | _bn.d. | ||
| 100 |
_aDonovan Leitch Phili _92107 |
||
| 100 |
_eAutore musica _92108 |
||
| 100 |
_gCodice autore musica SPICS: 10870 _92109 |
||
| 245 | _aCosmic Wheels (Lp Epc 65450) | ||
| 250 | _a1a ed. | ||
| 260 | _aMILANO | ||
| 260 |
_bCBS - SUGAR _c1973 [1a Ed.:1973 - Ed. Lingua Orig.: 1973] |
||
| 300 | _aDISCO | ||
| 300 | _c40 minuti (Testo: pag.) | ||
| 500 | _aMusica pop | ||
| 505 | _aCosmic Wheels - Earth Sign Man - Sleep - Maria Magenta - Wild Witch Lady - The Music Makers - The Intergalactic Laxative - I Like You - Only The Blues - Appearances | ||
| 650 |
_aPOP [DISCHI] _eCodice MATERIA SPICS: 9950 _91001 |
||
| 700 |
_aDonovan Leitch Phili _gCodice autore SPICS: 10870 _eAutore _92110 |
||
| 942 |
_cMD _2ddc |
||